Statistics for Minecraft Biomes on a Map #2

Click here to take the quiz!

General Stats

  • This quiz has been taken 4,451 times
  • The average score is 5 of 10

Answers on the Map

Answers color-coded by a green-red scale on the quiz's map according to % correct below.
 

Answer Stats

Biome% Correct
Mushroom Fields
86%
Swamp
70%
Savanna
49%
Taiga
48%
Soul Sand Valley
41%
Jungle
40%
Warped Forest
39%
Crimson Forest
38%
Frozen River
34%
Basalt Delta
31%

Score Distribution

Percentile by Number Answered

Percent of People with Each Score

Your Score History

You have not taken this quiz